000 00348nam a22001217a 4500
005 20170620151748.0
008 170620b xxu||||| |||| 00| 0 eng d
041 _aeng
245 _aGATE 2017 MECHANICAL ENGINEERING:
_bobjective question (topicwise previous years GATEsolved questions)
260 _bENGINEERS ACADEMY
300 _a560
942 _cBK
999 _c5472
_d5470